000 00747nam a2200265Ia 4500
003 OSt
005 20220918202230.0
006 a|||||r|||| 00| 0
007 ta
008 220917b |||||||| |||| 00| 0 eng d
024 _a99,702
037 _cTextual
040 _aARTS
_cARTS
_beng
041 _2eng
_aeng
082 _aV2:71:B, L1;L5
100 _aFaitservis Walter A Jr.
_9102862
245 0 _aRoots of ancient India
250 _a2nd
260 _aChicago
_bChicago University Press
_c1975
300 _axxxiii, 480p. illus
_ccm.
500 _aAppendix p383--440 (A--L); Bibliography p441--456
650 _aHISTORY
942 _hV2:71:B, L1;L5
_cTEXL
_2CC
999 _c223275
_d223275